000 00304nam a22001457a 4500
008 221020b ||||| |||| 00| 0 eng d
020 _a3540154183
041 _aeng
080 _a616
082 _a616
100 _a14.2
101 _ainf
245 _aPATHOLOGY OF BONE
_cREVELL P
942 _2udc
_cBK
999 _c58625
_d58625